000 00429cam a22001457a 4500
008 180718b1961 xxu||||| |||| 00| 0 eng d
082 _aDx51 L546
100 _aLeng, Shao Chuan
245 _aSun Yat-Sen and communism
_cby Shao Chuan Leng and Norman D. Palmer
260 _aLondon
_bThames and Hudson
_c1961
300 _a234p.
650 _aCommunism --China
650 _aSun, Yat-sen, 1866-1925
700 _aPalmer, Norman D.
999 _c371988
_d371988